00442nam a22001457a 450000500170000001000130001702000110003003500130004103700180005408200080007224500630008026000460014327000870018930000200027620190228123112.0 aB-713308 c250.00 aB-713308 bL/RP/RK Books a000 aBihar & Jharkhand Judicial Service ExaminationscSinghal's aNew DelhibSinghal Law Publicationsc2018 aA-2/157, Bhagat Colony Hanuman Mandir Burari Sant NagarbDelhie110084k9810486750 a340pc21cm(pbk)